| 000 | 01062nam0a22003251 4500 | ||
|---|---|---|---|
| 001 | 2556334 | ||
| 005 | 20260406093643.0 | ||
| 021 |
_aRU _b79-49661 |
||
| 035 | _a(NLR Aleph) 006442560 | ||
| 090 |
_a5656015 _c5656015 |
||
| 100 | _a20110316d1979 u y0rusy50 ca | ||
| 101 | 1 |
_arus _aspa _crus |
|
| 102 | _aRU | ||
| 105 | _aa z ||||| | ||
| 200 | 1 |
_aViaje al reino del ajedrez _fYu. Averbaj, M. Beilin _gTrad. del ruso por M. Guizatulin y J. Rodriguez |
|
| 210 |
_aMoscú _cProgreso _d1979 |
||
| 215 |
_a317 с. _cил. _d41 |
||
| 300 | _aПарал. тит. л. на рус. яз. | ||
| 686 |
_aЧ515.81,0 _2rubbk |
||
| 700 | 1 |
_7ba _8rus _aAverbach _bJ. L. _f1922-2022 _gJurij L'vovič _9270915 _3RU\NLR\AUTH\770270971 |
|
| 701 | 1 |
_7ba _8rus _aBejlin _bM. A. _f1921-2010 _gMichail Abramovič _3RU\NLR\AUTH\770285576 _92681810 |
|
| 702 | 1 |
_aRodriguez _bJ. _4730 |
|
| 702 | 1 |
_aGuizatulin _bM. _4730 |
|
| 801 | 0 |
_aRU _bNLR _gpsbo |
|
| 801 | 1 |
_aRU _bELAR _2rusmarc |
|
| 852 |
_aNLR _jDesideratum |
||
| 899 |
_aRuMoRGB _jM 79-15/353 |
||
| 942 | _cBOOK | ||
| 980 | _aNB | ||